00781nam a2200229 a 4500008004100000020001500041050001500056100001900071245003100090246002800121250002100149260003000170300001400200350000900214500005200223650001300275650002200288650001400310995008700324999001700411952012300428120416s1992 ||||||||||||||||| || u a0797411038 aJC 433 Shi aShivji, Isaa G10aFight my beloved continent anew democracy in Africa a2nd expanded ed. aHararebSAPES Booksc1992 aiii, 46p. a0.00 aIncludes bibliographical references (p. 21-22). aPOLITICS aCOMMUNISM--AFRICA aTEXTBOOKS D0.00FCBU-MAIN LIBRARY (Kitwe)H1I4.00M1UAVAILABLEZAnnex Low-Usage Collection  c43263d43263 00102lcc4070a001b001cAnnex Low-Usage Collection d2022-11-30l0oJC 433 Ship009368r2022-11-30w2022-11-30y002